[Event "XVII Moratalaz Open"]
[Site "Madrid ESP"]
[Date "2001.10.20"]
[Round "4"]
[White "Rodriguez Perez,R"]
[Black "Komljenovic,D"]
[Result "0-1"]
[WhiteElo "2124"]
[BlackElo "2478"]

1.e4 c5 2.Nf3 Nc6 3.Bb5 g6 4.O-O Bg7 5.Re1 Nf6 6.c3 O-O 7.d4 d5 8.e5 Ne4
9.Bxc6 bxc6 10.h3 a5 11.Nbd2 Nxd2 12.Bxd2 c4 13.b3 a4 14.bxc4 dxc4 15.Rb1 Bf5
16.Rb4 a3 17.Be3 Qd5 18.Nd2 Bd3 19.Qf3 Rfb8 20.Rxb8+ Rxb8 21.Qg4 c5 22.Nf3 cxd4
23.Qxd4 Qxd4 24.Bxd4 Rb2 25.Ra1 e6 26.Be3 Bf8 27.Nd4 Bc5 28.Kh2 Bb6  0-1

[Event "5th Itau Cup"]
[Site "Sao Paulo BRA"]
[Date "2001.10.20"]
[Round "8"]
[White "Valiente,C"]
[Black "Matsuura,E"]
[Result "0-1"]
[WhiteElo "2373"]
[BlackElo "2421"]

1.e4 c5 2.Nf3 Nc6 3.Bb5 e6 4.Bxc6 bxc6 5.d3 Ne7 6.O-O Ng6 7.e5 Be7 8.Re1 O-O
9.Nc3 f6 10.exf6 gxf6 11.Bh6 Rf7 12.h4 Bf8 13.Qd2 e5 14.g3 d6 15.a3 Qd7 16.Bxf8 Nxf8
17.Ne4 Qe7 18.b4 cxb4 19.axb4 Ne6 20.c4 d5 21.cxd5 cxd5 22.Nc5 Nxc5 23.bxc5 d4
24.Qc1 Qd7 25.Nd2 Bb7 26.Ne4 Qc6 27.Rb1 Raf8 28.Qh6 Rg7 29.Rxb7 Rxb7 30.Nd6 Rbb8
31.Qc1 Qd5 32.Qa3 a6 33.Nf5 Kh8  0-1

[Event "TCh-CZE 2001-2"]
[Site "CZE"]
[Date "2001.10.21"]
[Round "2"]
[White "Kalod,R"]
[Black "Michalek,J"]
[Result "1/2-1/2"]
[WhiteElo "2462"]
[BlackElo "2401"]

1.e4 c5 2.Nf3 Nc6 3.Bb5 e6 4.O-O Nge7 5.c3 a6 6.Ba4 b5 7.Bc2 Bb7 8.Re1 Rc8
9.d3 Ng6 10.Nbd2 Be7 11.Nf1 d5 12.Qe2 dxe4 13.dxe4 Bd6 14.a4 c4 15.axb5 axb5
16.b3 O-O 17.bxc4 bxc4 18.Rd1 Qe7 19.Rxd6 Qxd6  1/2-1/2

[Event "TCh-FIN 2001-02"]
[Site "FIN"]
[Date "2001.10.21"]
[Round "3"]
[White "Alho,S"]
[Black "Hokkanen,P"]
[Result "1/2-1/2"]
[WhiteElo "2076"]
[BlackElo "2240"]

1.e4 c5 2.Nf3 Nc6 3.Bb5 e6 4.O-O Nge7 5.c3 a6 6.Ba4 b5 7.Bc2 Bb7 8.Qe2 Ng6
9.d4 Be7 10.Rd1 Qc7 11.a4 b4 12.g3 O-O 13.h4 d6 14.h5 Nh8 15.Bg5 Bxg5 16.Nxg5 h6
17.Nf3 e5 18.dxc5 dxc5 19.Nbd2  1/2-1/2

[Event "XVII Moratalaz Open"]
[Site "Madrid ESP"]
[Date "2001.10.21"]
[Round "5"]
[White "Herrera,I"]
[Black "Gonzalez Somoza,O"]
[Result "1-0"]
[WhiteElo "2444"]
[BlackElo "2051"]

1.e4 c5 2.Nf3 Nc6 3.Bb5 g6 4.O-O Bg7 5.Re1 e6 6.Bxc6 bxc6 7.e5 f6 8.d3 fxe5
9.Nxe5 Nf6 10.Nc3 O-O 11.Bg5 Qc7 12.Nf3 d6 13.h3 h6 14.Be3 Nd7 15.Ne4 Kh7
16.Rb1 Nb6 17.c4 e5 18.Nh2 Bf5 19.b3 Qe7 20.Qc1 Rfc8 21.Ng4 Bxg4 22.hxg4 Nd7
23.Qa3 Bf8 24.f3 d5 25.Ng3 Qf6 26.Qb2 Qd6 27.Kf2 e4 28.dxe4 d4 29.Bc1 Ne5
30.Qd2 Bg7 31.Rh1 Rf8 32.Nf1 Rf4 33.Qd1 Rf7 34.Kg1 d3 35.Be3 Raf8 36.Qd2 g5
37.Rh3 Kg8 38.Rd1 h5 39.Rxh5 Rxf3 40.Rxg5 Qh6  1-0

[Event "WYB16"]
[Site "Oropesa del Mar ESP"]
[Date "2001.10.21"]
[Round "1"]
[White "Moradiabadi,E"]
[Black "Gogin,R"]
[Result "1-0"]
[WhiteElo "2389"]
[BlackElo "2124"]

1.e4 c5 2.Nf3 Nc6 3.Bb5 g6 4.O-O Bg7 5.Re1 e5 6.c3 Nge7 7.b4 cxb4 8.cxb4 Nxb4
9.Ba3 a5 10.Qa4 Rb8 11.Nc3 O-O 12.Bxb4 axb4 13.Qxb4 Nc6 14.Qa4 f5 15.exf5 Rxf5
16.Rab1 Kh8 17.Ne4 Rf4 18.Qa3 d5 19.Bxc6 Bf5 20.Bxd5 Qxd5 21.d3 Rd8 22.Qe7  1-0

[Event "TCh-SLO"]
[Site "Bled SLO"]
[Date "2001.10.22"]
[Round "5"]
[White "Sax,G"]
[Black "Mufic,Go"]
[Result "1-0"]
[WhiteElo "2593"]
[BlackElo "2370"]

1.e4 c5 2.Nf3 Nc6 3.Bb5 Na5 4.d4 a6 5.Be2 cxd4 6.Nxd4 b5 7.O-O Bb7 8.Bf3 e6
9.Bf4 Bc5 10.c3 Qf6 11.Bc7 Nc6 12.e5 Qg6 13.a4 bxa4 14.Nxc6 Bxc6 15.Bxc6 dxc6
16.Qxa4 Ne7 17.Bd6 Ba7 18.Bxe7 Kxe7 19.Qb4+  1-0

[Event "Lasker Autumn GM"]
[Site "Bucharest ROM"]
[Date "2001.10.22"]
[Round "10"]
[White "Vasiesiu,D"]
[Black "Parligras,M"]
[Result "1/2-1/2"]
[WhiteElo "2440"]
[BlackElo "2431"]

1.e4 c5 2.Nf3 Nc6 3.Bb5 d6 4.c3 Nf6 5.Qe2 Bd7 6.d4 cxd4 7.cxd4 e5 8.Bxc6 Bxc6
9.Nc3 Qb8 10.Bg5 Be7 11.O-O O-O 12.Rfd1 Re8 13.dxe5 dxe5 14.Bxf6 Bxf6 15.Nd5 Bd8
16.Rac1 a6 17.Qe3 h6 18.b3 a5 19.a4 Qd6 20.Qd3 Qg6 21.Rc5 Qd6 22.Qc2 Qg6
23.Nd2 Rc8 24.f3 Qe6 25.Kh1 Be7 26.Nxe7+ Qxe7 27.Rc1 Bd7 28.Rxc8  1/2-1/2

[Event "TCh-SLO"]
[Site "Bled SLO"]
[Date "2001.10.23"]
[Round "6"]
[White "Sax,G"]
[Black "Zorko,J"]
[Result "1-0"]
[WhiteElo "2593"]
[BlackElo "2148"]

1.e4 c5 2.Nf3 Nc6 3.Bb5 d6 4.O-O Bd7 5.Re1 Nf6 6.c3 a6 7.Bf1 Bg4 8.d3 g6
9.Be3 Bg7 10.Nbd2 O-O 11.h3 Bxf3 12.Nxf3 Rc8 13.a3 b5 14.Qb1 Nd7 15.d4 cxd4
16.cxd4 Nb6 17.b3 Nb8 18.Qd1 d5 19.e5 Qd7 20.Qd2 Nc6 21.Bh6 Nd8 22.h4 Rc6
23.Bd3 Ne6 24.Be3 Qb7 25.Qa5 Rfc8 26.Bd2 h5 27.a4 Nc7 28.axb5 axb5 29.Bxb5 Rc2
30.Bd3  1-0

[Event "Lasker Autumn GM"]
[Site "Bucharest ROM"]
[Date "2001.10.23"]
[Round "11"]
[White "Miljanic,B"]
[Black "Podinic,V"]
[Result "1-0"]
[WhiteElo "2423"]
[BlackElo "2366"]

1.e4 c5 2.Nf3 Nc6 3.Bb5 e6 4.O-O Nge7 5.b3 a6 6.Bxc6 Nxc6 7.Bb2 d6 8.d4 cxd4
9.Nxd4 Nxd4 10.Qxd4 e5 11.Qd3 Be7 12.c4 O-O 13.Nc3 Be6 14.Nd5 Bxd5 15.Qxd5 Qb6
16.Rad1 Rac8 17.Ba3 Rfd8 18.Rd3 Rc5 19.Bxc5 dxc5 20.Qxe5 Rxd3 21.Qxe7 g6
22.g3 Qc6 23.Re1 Rd2 24.h4 b6 25.Kf1 Qc8 26.Kg2 Qe6 27.Qxe6 fxe6 28.a3 e5
29.Re3 Kf7 30.Kf3 Ke6 31.Rc3 Rb2 32.Ke3 h5 33.Rd3 Rb1 34.f4 Rb2 35.fxe5 Kxe5
36.a4 Rb1 37.a5 bxa5 38.Rd5+ Ke6 39.Rxc5 Rxb3+ 40.Kf4 Rb6 41.Rxa5 Rc6 42.c5 Kf6
43.e5+ Kf7 44.Ke4 Ke6 45.Kd4 Kf5 46.Ra3  1-0

[Event "WYB16"]
[Site "Oropesa del Mar ESP"]
[Date "2001.10.23"]
[Round "3"]
[White "Ibarra Jerez,JC"]
[Black "Palo,D"]
[Result "1/2-1/2"]
[WhiteElo "2364"]
[BlackElo "2327"]

1.e4 c5 2.Nf3 Nc6 3.Bb5 g6 4.O-O Bg7 5.Re1 Nf6 6.d4 cxd4 7.e5 Nd5 8.Bxc6 dxc6
9.Qxd4 Bf5 10.Na3 Qb6 11.Qh4 Qb4 12.c4 Nc7 13.Nb1 h6 14.b3 g5 15.Qg3 Rd8
16.Bd2 Qb6 17.Be3 Qa5 18.Bd2 Qb6 19.Be3 Qa5 20.Bd2  1/2-1/2

[Event "WYB16"]
[Site "Oropesa del Mar ESP"]
[Date "2001.10.24"]
[Round "4"]
[White "Ibarra Jerez,JC"]
[Black "Efimenko,Z"]
[Result "0-1"]
[WhiteElo "2364"]
[BlackElo "2523"]

1.e4 c5 2.Nf3 Nc6 3.Bb5 g6 4.O-O Bg7 5.Re1 Nf6 6.d4 cxd4 7.e5 Nd5 8.Bxc6 dxc6
9.Qxd4 O-O 10.Qh4 f6 11.Na3 Qd7 12.h3 Qc7 13.Bd2 fxe5 14.Nc4 Rf5 15.Qe4 Nf6
16.Qe2 e4 17.Nd4 Rh5 18.f4 exf3 19.Nxf3 Qg3 20.Qf2 Qxf2+ 21.Kxf2 Rc5 22.Na3 Bf5
23.Bb4 Rd5 24.c4 Rd7 25.Ne5 Rd4 26.Nf3 Ne4+ 27.Kf1 Rd3 28.Ke2 Rd7 29.g4 a5  0-1

[Event "Jonsson Mem Open"]
[Site "Reykjavik ISL"]
[Date "2001.10.25"]
[Round "3"]
[White "Halldorsson,H"]
[Black "Nyback,T"]
[Result "0-1"]
[WhiteElo "2103"]
[BlackElo "2430"]

1.e4 c5 2.Nf3 Nc6 3.Bb5 e6 4.O-O Nge7 5.b3 Nd4 6.Nxd4 cxd4 7.c3 Nc6 8.Bb2 Bc5
9.b4 Bb6 10.a4 d5 11.d3 dxc3 12.Bxc3 O-O 13.Bxc6 bxc6 14.e5 a5 15.d4 Qe7
16.Qd2 axb4 17.Bxb4 c5 18.dxc5 Bxc5 19.Bxc5 Qxc5 20.Rc1 Qa5 21.Qd4 Bd7 22.Nd2 Rfb8
23.Rc5 Qa7 24.Qc3 Bxa4 25.Qd4 Qd7 26.Rac1 Bb5 27.Rc7 Rc8 28.Rxc8+ Rxc8 29.Rxc8+ Qxc8
30.h3 h6 31.Kh2 Qc2 32.h4 Kh7 33.Qf4 Qg6 34.g4 Be2 35.Kg3 Qd3+ 36.Kg2 Bxg4
37.Qxg4 Qxd2 38.Qa4 Qe2  0-1

[Event "Chigorin Mem Open"]
[Site "St Petersburg RUS"]
[Date "2001.10.27"]
[Round "2"]
[White "Zimina,O"]
[Black "Kharashkina,B"]
[Result "1-0"]
[WhiteElo "2326"]
[BlackElo "2178"]

1.e4 c5 2.Nf3 Nc6 3.Bb5 e6 4.Bxc6 bxc6 5.d3 Ne7 6.O-O Ng6 7.Ng5 e5 8.Qh5 Be7
9.f4 Bxg5 10.fxg5 d6 11.Nc3 Be6 12.b3 Qd7 13.h3 O-O-O 14.Be3 h6 15.gxh6 Nf4
16.Bxf4 exf4 17.Rxf4 Rxh6 18.Qf3 g5 19.Rf6 g4 20.hxg4 Bxg4 21.Qf4 Rh7 22.Rf1 Be6
23.Nd1 Rg8 24.Ne3 Rhg7 25.Rf2 Kc7 26.Nf5 Bxf5 27.Rxf5  1-0

[Event "Helsinki vs. Tallinn Match"]
[Site "Helsinki FIN"]
[Date "2001.10.28"]
[Round "?"]
[White "Paronen,P"]
[Black "Krupenski,Y"]
[Result "0-1"]
[WhiteElo "2195"]
[BlackElo "2228"]

1.e4 c5 2.Nf3 Nc6 3.Bb5 Qb6 4.Nc3 e6 5.O-O Nge7 6.Re1 a6 7.Bf1 Ng6 8.b3 Be7
9.Bb2 O-O 10.d4 cxd4 11.Na4 Qa7 12.Nxd4 b5 13.Nxc6 dxc6 14.Nc3 Rd8 15.Qe2 e5
16.g3 Nf8 17.Nd1 f6 18.Ne3 Be6 19.Rad1 Bc5 20.Rxd8 Rxd8 21.Rd1 Rxd1 22.Nxd1 Qd7
23.Qd3 Qxd3 24.Bxd3 Bg4 25.Nc3 Ne6 26.Be2 Bxe2 27.Nxe2 Ng5 28.Kg2 Nxe4 29.f4 Bd6
30.Bc1 Kf7 31.Kf3 f5 32.g4 Ke6 33.Be3 g6 34.h3 Kd5 35.gxf5 gxf5 36.fxe5 Bxe5
37.Nf4+ Bxf4 38.Kxf4 Ke6 39.Bd4 b4 40.Bb2 Nc3 41.a3 a5 42.axb4 axb4 43.h4 c5
44.h5 Ne2+ 45.Ke3 Ng3 46.h6 Nh5 47.c3 bxc3 48.Bxc3 f4+ 49.Kf3 Kf5 50.Bd2 Kg5
51.Ke4 Kxh6 52.Kd5 Nf6+ 53.Ke5 Nh5 54.Kf5 Kg7 55.Kg5 f3 56.Be3 Nf6 57.Kf5 Nd7
58.Ke6 h5 59.Bf2 Kg6 60.Kxd7 Kg5 61.Bxc5 h4 62.b4 h3 63.Bg1 h2 64.Bxh2 f2
65.Bg3 f1=Q  0-1

[Event "Jonsson Mem Open"]
[Site "Reykjavik ISL"]
[Date "2001.10.28"]
[Round "5"]
[White "Halldorsson,H"]
[Black "Karason,A"]
[Result "1/2-1/2"]
[WhiteElo "2103"]
[BlackElo "2258"]

1.e4 c5 2.Nf3 Nc6 3.Bb5 d6 4.O-O Bd7 5.c3 Nf6 6.Re1 a6 7.Bxc6 Bxc6 8.d4 Bxe4
9.Bg5 Bxb1 10.Rxb1 e6 11.Bxf6 Qxf6 12.dxc5 dxc5 13.Qa4+ b5 14.Qe4 Rc8 15.Qb7 Qd8
16.Qxa6 Rb8 17.Qc6+ Qd7 18.Qe4 Be7 19.Ne5 Qb7 20.Qf4 O-O 21.Rbd1 Rbd8 22.Rxd8 Bxd8
23.Rd1 Bc7 24.Qe3 Qb8 25.Nc6 Bxh2+ 26.Kh1 Qb6 27.Qe4 Bb8 28.Rd7 c4 29.Qf3 e5
30.g3 e4 31.Qxe4 Qxf2 32.Rd5 g6 33.Ne7+ Kg7 34.Qd4+ Qxd4 35.cxd4 b4 36.Nc6 c3
37.bxc3 bxc3 38.Rc5 Bxg3 39.Rxc3 Bd6 40.a4 Ra8 41.a5 f5 42.Re3 Kf6 43.d5 Bc7
44.Kg2 f4 45.Re4 h5 46.Kf3 Kg5 47.Re6 Bxa5 48.Ne7 Bd2 49.Rxg6+ Kh4 50.Kg2 Rf8
51.Kf3 Ra8 52.Kg2 Rf8 53.Kf3  1/2-1/2

[Event "Chigorin Mem Open"]
[Site "St Petersburg RUS"]
[Date "2001.10.28"]
[Round "3"]
[White "Yagupov,I"]
[Black "Inarkiev,E"]
[Result "1-0"]
[WhiteElo "2442"]
[BlackElo "2491"]

1.e4 c5 2.Nf3 Nc6 3.Bb5 g6 4.Bxc6 dxc6 5.d3 Bg7 6.h3 b6 7.Nc3 e5 8.Be3 f6
9.Qd2 Be6 10.a3 Qc7 11.b4 cxb4 12.axb4 Ne7 13.O-O O-O 14.Na4 Rad8 15.Qc3 h6
16.d4 exd4 17.Bxd4 c5 18.bxc5 b5 19.Nb2 Nc6 20.Nd3 Bc4 21.Rfe1 Nxd4 22.Nxd4 Rfe8
23.Nxb5 Bxb5 24.Qb3+ Kf8 25.Qxb5 f5 26.e5 Bxe5 27.Rxe5 Rxe5 28.Qb2 Rde8 29.f4 R5e7
30.Qf6+ Kg8 31.Qxg6+ Kh8 32.Ra6 Rf8 33.Qxh6+ Kg8 34.Rc6 Qb7 35.Ne5 Rg7 36.Ng6 Qxc6
37.Qh8+ Kf7 38.Ne5+ Ke6 39.Qh6+ Rf6 40.Qxg7 Qxc5+ 41.Kh1 Qe7 42.Qg8+ Kd6
43.Qc8 Qe6 44.Qc6+ Ke7 45.Qc7+ Ke8 46.Qb8+ Ke7 47.Qxa7+ Ke8 48.Qb8+ Ke7 49.Qc7+ Ke8
50.c4 Rh6 51.Kh2 Kf8 52.c5 Rh8 53.c6 Rg8 54.Qd8+ Kg7 55.Qd7+ Qxd7 56.cxd7 Rd8
57.g4 fxg4 58.hxg4 Kf6 59.Kg3 Ke6 60.g5 Ra8 61.Kg4 Rd8 62.Kf3 Ra8 63.Ke4 Ra4+
64.Ke3 Ra8 65.g6 Ke7 66.Ke4 Ra1 67.Kf5 Rg1 68.Ng4 Rd1 69.g7 Kf7 70.Ne5+ Kxg7
71.Ke6  1-0

[Event "Chigorin Mem Open"]
[Site "St Petersburg RUS"]
[Date "2001.10.28"]
[Round "3"]
[White "Karlovich,A"]
[Black "Grebionkin,Vl"]
[Result "0-1"]
[WhiteElo "2313"]
[BlackElo "2475"]

1.e4 c5 2.Nf3 Nc6 3.Bb5 d6 4.c3 Nf6 5.d3 Bd7 6.O-O a6 7.Ba4 b5 8.Bc2 Bg4
9.Nbd2 e6 10.h3 Bh5 11.Re1 Be7 12.Nf1 Rc8 13.a3 d5 14.Ng3 Bg6 15.Qe2 d4 16.cxd4 cxd4
17.Bd2 Nd7 18.Rac1 O-O 19.b4 a5 20.Bb3 axb4 21.axb4 Bd6 22.Rxc6 Rxc6 23.Nxd4 Rc8
24.Kh1 Bxg3 25.fxg3 Ne5 26.Be3 Qd7 27.Bc2 Rfd8 28.Rd1 Qe7 29.Rb1 Nc6 30.Nxc6 Rxc6
31.Bc5 Qb7 32.d4 Ra6 33.Bd3 Qa8 34.Rd1 Ra1 35.Rxa1 Qxa1+ 36.Kh2 Qa8 37.Bxb5 Bxe4
38.Bc4 Bd5 39.Bd3 Qa2 40.Qxa2 Bxa2 41.Be2 Bd5 42.g4 Ra8 43.Kg3 Ra2 44.Bf3 Rb2
45.h4 f6 46.Kf4 Kf7 47.g5 Bxf3 48.gxf3 fxg5+ 49.Kxg5 Ke8 50.Kf4 Rb3 51.Bd6 Kd7
52.Bf8 g6 53.Bc5 Kc6 54.Ke4 Rb1 55.Kf4 Kd5 56.Kg5 Rf1 57.Kf4 Rg1 58.Bb6 h6
59.Bc5 g5+ 60.hxg5 Rxg5 61.Bb6 Rg6 62.Bd8 Kxd4 63.b5 Rg8 64.Bf6+ Kd5 65.Bh4 Rb8
66.Kg4 Rxb5 67.Kh5 Rb3 68.f4 Rh3 69.Kg4 Rxh4+  0-1

[Event "Jonsson Mem Open"]
[Site "Reykjavik ISL"]
[Date "2001.10.29"]
[Round "6"]
[White "Johannesson,I"]
[Black "Olafsson,H"]
[Result "1/2-1/2"]
[WhiteElo "2201"]
[BlackElo "2460"]

1.e4 c5 2.Nf3 Nc6 3.Bb5 d6 4.Bxc6+ bxc6 5.O-O Bg4 6.Re1 e5 7.c3 Nf6 8.d4 Nd7
9.Nbd2 cxd4 10.cxd4 Be7 11.Qa4 Qc7 12.h3 Bh5 13.g4 Bg6 14.Nc4 O-O 15.dxe5 dxe5
16.Qa5 Qb7 17.Bd2 f6 18.Qc3 Nc5 19.Na5 Qd7 20.Be3 Nxe4 21.Qxc6 Rfd8 22.Nh4 Rac8
23.Nxg6 Rxc6 24.Nxe7+ Qxe7 25.Nxc6 Qe8 26.Nxd8 Qxd8  1/2-1/2

[Event "Chigorin Mem Open"]
[Site "St Petersburg RUS"]
[Date "2001.10.29"]
[Round "4"]
[White "Guseynou,R"]
[Black "Mukhin,G"]
[Result "1-0"]
[WhiteElo "2238"]
[BlackElo "2381"]

1.e4 c5 2.Nf3 Nc6 3.Bb5 e6 4.O-O Nge7 5.c3 a6 6.Bxc6 bxc6 7.e5 Ng6 8.Re1 Be7
9.d3 O-O 10.Nbd2 f6 11.Nc4 Rb8 12.Qe2 fxe5 13.Nfxe5 Nf4 14.Qg4 Nd5 15.Re2 Qe8
16.Qg3 Qh5 17.Nf3 Ra8 18.Nd6 a5 19.a3 Ba6 20.c4 Nf6 21.Bg5 h6 22.Bf4 Qg4
23.Qxg4 Nxg4 24.Bg3 h5 25.Rc1 Ra7 26.Ne4 d5 27.Neg5 e5 28.h3 e4 29.hxg4 exf3
30.Nxf3 hxg4 31.Ne5 Bg5 32.Rcc2 Re7 33.Nxc6 Rxe2 34.Rxe2 dxc4 35.dxc4 Bxc4
36.Rc2 Rc8 37.Rxc4 Rxc6 38.b4 axb4 39.axb4 Be7 40.Bf4 Kf7 41.Be3 g3 42.Bxc5 Bxc5
43.Rxc5 gxf2+ 44.Kxf2 Rf6+ 45.Ke3 Rg6 46.Kf3 Rf6+ 47.Kg4 Rg6+ 48.Rg5 Rd6
49.Rf5+ Kg6 50.Rf4 Rd2 51.g3 Rb2 52.Re4 Rf2 53.Rc4 Rf1 54.Rc6+ Kh7 55.Kg5 Rf2
56.g4 Rf1 57.Rc4 Rf2 58.Rf4 Re2 59.Kf5 Kh6 60.Re4 Rf2+ 61.Ke5 Kg5 62.Kd5 Rb2
63.Kc5 Kh4 64.b5  1-0

[Event "Chigorin Mem Open"]
[Site "St Petersburg RUS"]
[Date "2001.10.30"]
[Round "5"]
[White "Weetik,V"]
[Black "Matjushin,G"]
[Result "1-0"]
[WhiteElo "2290"]
[BlackElo "2372"]

1.e4 c5 2.Nf3 Nc6 3.Bb5 g6 4.O-O Bg7 5.Nc3 Nf6 6.e5 Ng4 7.Bxc6 dxc6 8.Re1 O-O
9.d3 Nh6 10.Ne4 b6 11.Bf4 f6 12.exf6 exf6 13.d4 cxd4 14.Nxd4 f5 15.Nd6 Bd7
16.c3 g5 17.Bd2 Qc7 18.Nc4 Ng4 19.Nf3 b5 20.Ne3 h6 21.Nxg4 fxg4 22.Nd4 c5
23.Qb3+ Kh8 24.Ne6 Bxe6 25.Qxe6 Qf7 26.Qxf7 Rxf7 27.Re4 Rd8 28.Be3 Rd5 29.Rxg4 Rfd7
30.h4 Bf6 31.hxg5 hxg5 32.a4 c4 33.axb5 Rxb5 34.Rxc4 Rxb2 35.Rxa7 Rxa7 36.Bxa7 Rc2
37.Rc8+ Kg7 38.c4 Kg6 39.g4 Be5 40.Be3 Kf7 41.Kg2 Bf6 42.Kf3 Ra2 43.Ke4 Ra5
44.c5  1-0

[Event "Jonsson Mem Open"]
[Site "Reykjavik ISL"]
[Date "2001.10.31"]
[Round "8"]
[White "Simonsen,O"]
[Black "Ptacnikova,L"]
[Result "1-0"]
[WhiteElo "2214"]
[BlackElo "2246"]

1.e4 c5 2.Nf3 Nc6 3.Bb5 g6 4.O-O Bg7 5.c3 Nf6 6.d4 cxd4 7.cxd4 Nxe4 8.d5 Nd6
9.Na3 a6 10.Bd3 Ne5 11.Nxe5 Bxe5 12.Re1 Bf6 13.Bf4 Qb6 14.Bxd6 Qxd6 15.Nc4 Qc5
16.b4 Qd4 17.Rc1 O-O 18.Re4 Qa7 19.d6 e6 20.Qf3 Bd8 21.Rf4 b5 22.Ne5 f5 23.Qg3 Kg7
24.h4 Qb8 25.h5 g5 26.Rc7 Ra7 27.Nc6 Rxc7 28.Nxd8 Rc1+ 29.Kh2 Kh6 30.Rxf5 exf5
31.Qe5 Re1 32.Qd5 Rxd8 33.f4 Re6 34.Qxf5 gxf4 35.Qxh7+ Kg5 36.Qf5+ Kh6 37.Qh7+ Kg5
38.Qg7+ Kxh5 39.Qh7+ Kg5 40.Qg7+ Kh5 41.g4+ fxg3+ 42.Kh3 Rg8 43.Qh7+  1-0

[Event "FSGMB December"]
[Site "Budapest HUN"]
[Date "2001.11.01"]
[Round "1"]
[White "Pierrot,F"]
[Black "Horvath,P1"]
[Result "0-1"]
[WhiteElo "2427"]
[BlackElo "2441"]

1.e4 c5 2.Nf3 Nc6 3.Bb5 g6 4.O-O Bg7 5.c3 Nf6 6.Re1 O-O 7.d4 d5 8.e5 Ne4
9.Nbd2 cxd4 10.cxd4 Qb6 11.Bxc6 Qxc6 12.Nf1 f6 13.exf6 exf6 14.Qb3 Be6 15.Bf4 Rac8
16.Rac1 Qd7 17.N3d2 g5 18.Bg3 f5 19.Be5 Bxe5 20.dxe5 d4 21.Qb4 d3 22.Nxe4 fxe4
23.Nd2 Bd5 24.Qd4 Rxc1 25.Rxc1 Qf7 26.Rc5 Bc6 27.b4 Qf4 28.Nf1 a6 29.e6 Qf6
30.Re5 Rd8 31.Qc5 d2 32.Rxg5+ Kh8 33.Rf5 Qxf5 34.Qxf5 d1=Q 35.e7 Rg8 36.Qe5+ Rg7
37.e8=Q+ Bxe8 38.Qxe8+ Rg8 39.Qxe4 Qd7 40.h3 Re8 41.Qf4 Qg7 42.Ng3 Qa1+ 43.Nf1 Qxa2
44.Qf6+ Kg8 45.Qg5+ Kf8 46.Qh6+ Ke7 47.Qxh7+ Qf7 48.Qc2 Kd8 49.Ne3 Qc7 50.Qf5 Qd6
51.Qa5+ Kc8 52.Qh5 Rd8 53.Qg4+ Kb8 54.h4 Qd4 55.Qg5 Rc8 56.Qe7 Rc1+ 57.Kh2 Qf4+
58.g3 Qxf2+ 59.Kh3 Qd2 60.Qe5+ Ka7 61.Nd5 Rd1 62.Nc3 Qd7+ 63.Kh2 Rd2+ 64.Kg1 b6
65.h5 Qb7 66.Qe4 Qg7 67.Qe3 Rc2 68.Ne2 Rc6 69.Nf4 Rc3 70.Qf2 Qxg3+ 71.Qxg3 Rxg3+
72.Kf2 Rg7 73.Ke3 a5 74.bxa5 bxa5 75.Kd3 Rg3+ 76.Kc2 Rf3 77.Nd3 Rh3  0-1

[Event "FSGMA December"]
[Site "Budapest HUN"]
[Date "2001.11.01"]
[Round "1"]
[White "Felgaer,R"]
[Black "Paschall,W"]
[Result "0-1"]
[WhiteElo "2467"]
[BlackElo "2393"]

1.e4 c5 2.Nf3 Nc6 3.Bb5 d6 4.O-O Bd7 5.Re1 Nf6 6.c3 a6 7.Bxc6 Bxc6 8.d4 Bxe4
9.Bg5 Bd5 10.c4 Bxf3 11.Qxf3 cxd4 12.Qxb7 Qc8 13.Qf3 e6 14.Bxf6 gxf6 15.Qxf6 Rg8
16.Nd2 Rg6 17.Qxd4 Rb8 18.Ne4 Qc6 19.Rad1 f5 20.Ng3 Kf7 21.b3 Be7 22.f3 Rbg8
23.Re2 h5 24.Rde1 Bd8 25.Qd3 h4 26.Nh5 Bg5 27.Kh1 h3 28.g3 Rh8 29.Rxe6 Rxe6
30.Qxf5+ Rf6 31.Nxf6 Bxf6 32.Re6 Rh6 33.g4 Qc5 34.Qxc5 dxc5 35.Rxa6 Rh8 36.Kg1 Rd8
37.Kf2 Bd4+  0-1

[Event "WYG18"]
[Site "Oropesa del Mar ESP"]
[Date "2001.11.02"]
[Round "11"]
[White "Levushkina,E"]
[Black "Anhchimeg,B"]
[Result "1-0"]
[WhiteElo "2280"]
[BlackElo "2194"]

1.e4 c5 2.Nf3 Nc6 3.Bb5 g6 4.O-O Bg7 5.Re1 e5 6.Bxc6 dxc6 7.d3 Ne7 8.Nbd2 O-O
9.Nc4 Qc7 10.Be3 b6 11.a4 a5 12.b4 axb4 13.a5 bxa5 14.Bxc5 Be6 15.Bxe7 Qxe7
16.Nxa5 Qc5 17.Nb3 Bxb3 18.cxb3 Rxa1 19.Qxa1 Rd8 20.Rc1 Qb5 21.Ne1 Bf8 22.Qa7 Bd6
23.h3 Rb8 24.Qd7 Bc5 25.Nf3 h6 26.Rc2  1-0

[Event "North Virginia Open"]
[Site "Mt Vernon USA"]
[Date "2001.11.04"]
[Round "4"]
[White "Negulescu,A"]
[Black "Gukhvat,P"]
[Result "1-0"]
[WhiteElo "2448"]
[BlackElo "2143"]

1.e4 c5 2.Nf3 Nc6 3.Bb5 g6 4.O-O Bg7 5.Re1 Nh6 6.c3 O-O 7.d4 cxd4 8.cxd4 d6
9.h3 f6 10.Nc3 Nf7 11.d5 Nce5 12.Nd4 g5 13.Ne6 Bxe6 14.dxe6 Nh8 15.h4 Nhg6
16.hxg5 fxg5 17.Bxg5 Qc8 18.Nd5 Qxe6 19.f4 Nf7 20.f5 Qe5 21.Be3 e6 22.fxg6 Ng5
23.Qg4 Nf3+ 24.gxf3 exd5 25.Rad1 h5 26.Qh3 dxe4 27.Bc4+ Kh8 28.Rd5 Rxf3 29.Qxh5+  1-0

[Event "EuTChw"]
[Site "Leon ESP"]
[Date "2001.11.06"]
[Round "1"]
[White "Pavlovskaia,E"]
[Black "Cosma,E"]
[Result "0-1"]
[WhiteElo "2199"]
[BlackElo "2357"]

1.e4 c5 2.Nf3 Nc6 3.Bb5 g6 4.c3 Bg7 5.O-O Nf6 6.Re1 O-O 7.d3 d6 8.Nbd2 e5
9.Nf1 h6 10.h3 Ne8 11.Ne3 Nc7 12.Ba4 f5 13.Bb3+ Kh7 14.Nd5 f4 15.Nh2 Nxd5
16.Bxd5 Ne7 17.Bb3 Ng8 18.Bc2 Be6 19.a3 Qd7 20.Bb3 Bxb3 21.Qxb3 Ne7 22.Qd1 Rad8
23.c4 Nc6 24.Bd2 h5 25.Bc3 Bh6 26.b4 Rf7 27.Ra2 Rdf8 28.Qf3 Qe6 29.Rb2 b6
30.b5 Ne7 31.a4 Ng8 32.Ra1 Nf6 33.Qd1 g5 34.a5 g4 35.hxg4 hxg4 36.f3 Rg8
37.fxg4 Nxg4 38.Nxg4 Rxg4 39.Rf2 Bg5 40.Rf3 Rg7 41.Ra2 Qh6 42.Be1 bxa5 43.Qe2 Kg8
44.Rxa5 Rh7 45.Qf1 Qh2+ 46.Kf2 Bh4+ 47.Ke2 Rxg2+ 48.Bf2 Rhg7 49.Ra6 Rxf2+  0-1

[Event "EuTChw"]
[Site "Leon ESP"]
[Date "2001.11.10"]
[Round "5"]
[White "Makropoulou,M"]
[Black "Milligan,H"]
[Result "1-0"]
[WhiteElo "2315"]
[BlackElo "2117"]

1.e4 c5 2.Nf3 Nc6 3.Bb5 g6 4.c3 Bg7 5.d4 cxd4 6.cxd4 Qb6 7.Nc3 e6 8.O-O Nge7
9.d5 Bxc3 10.dxc6 bxc6 11.bxc3 cxb5 12.Bh6 d6 13.Rb1 Bd7 14.Bg7 Rg8 15.Bf6 g5
16.Nxg5 h6 17.Nh7 Qc6 18.f3 Rg6 19.Kh1 Ng8 20.e5 dxe5 21.Bxe5 Qd5 22.Qe2 Rd8
23.Rfd1 Qa8 24.Qe3 Qc6 25.Qd4 Rc8 26.Rb2 Qd5 27.Rbd2 Qxd4 28.Rxd4 Bc6 29.h4 f6
30.Rf4 Rg7 31.Nxf6+ Nxf6 32.Rxf6 Bd5 33.Rxh6 Rg8 34.a3 Rc4 35.Kh2 Ra4 36.Bd6 Rc4
37.Rd3 a5 38.Rh7 Rc6 39.Be5 Rc4 40.Rd4 Rc8 41.Rf4 b4 42.axb4 axb4 43.Rxb4  1-0

[Event "EuTChw"]
[Site "Leon ESP"]
[Date "2001.11.11"]
[Round "6"]
[White "Ionescu Brandis,I"]
[Black "Dembo,Y"]
[Result "1-0"]
[WhiteElo "2338"]
[BlackElo "2398"]

1.e4 c5 2.Nf3 Nc6 3.Bb5 g6 4.Bxc6 dxc6 5.d3 Bg7 6.h3 e5 7.Nc3 Qe7 8.Be3 Nf6
9.Qd2 O-O 10.Bh6 Rd8 11.Bxg7 Kxg7 12.Qg5 Re8 13.O-O-O b5 14.g4 a5 15.Rdg1 a4
16.Nd2 Qe6 17.Kb1 b4 18.Ne2 b3 19.axb3 axb3 20.Nxb3 c4 21.dxc4 Nxe4 22.Qe3 Qxc4
23.f3 Nf6 24.Ng3 Qa4 25.Rd1 Be6 26.Nf5+ Bxf5 27.gxf5 Nd5 28.Qc5 gxf5 29.Rhg1+ Kh8
30.Qd6 Re6 31.Qd7 Qa7 32.Qxa7 Rxa7 33.c4 Nf6 34.Nc5 Re8 35.Rd6 Nh5 36.Rxc6 Rae7
37.Rg5 Ng7 38.Kc2 Rd8 39.b4 e4 40.fxe4 fxe4 41.Rd5 Rde8 42.Kd2 f5 43.Rf6 e3+
44.Ke1 Ra8 45.b5 e2 46.Ra6 Rae8 47.Nd3 Re3 48.b6 Rxh3 49.Re5 Rxd3 50.Rxe8+ Nxe8
51.Ra8 Rb3 52.Rxe8+ Kg7 53.c5 Kf7 54.Rxe2 Rb5 55.Re5 Kf6 56.Re8 Kf7 57.Ra8 Rb1+
58.Kf2 Rb2+ 59.Ke3 Ke6 60.c6 Rb3+ 61.Kd4 Rb4+ 62.Kc5 Rb1 63.b7  1-0

[Event "EuTChw"]
[Site "Leon ESP"]
[Date "2001.11.11"]
[Round "6"]
[White "Lagvilava,G"]
[Black "Botsari,A"]
[Result "0-1"]
[WhiteElo "2326"]
[BlackElo "2315"]

1.e4 c5 2.Nf3 Nc6 3.Bb5 e6 4.O-O Nge7 5.b3 Nd4 6.Nxd4 cxd4 7.Bb2 a6 8.Be2 Nc6
9.c3 Bc5 10.b4 Ba7 11.a4 Qf6 12.b5 Ne7 13.Na3 O-O 14.Nc2 e5 15.cxd4 exd4
16.Ra3 d5 17.Bf3 Bc5 18.Rd3 axb5 19.axb5 Ra4 20.exd5 Bf5 21.Rb3 Qd6 22.Ne1 Nxd5
23.Nd3 Bb6 24.Re1 Nf6 25.Ba1 Be6 26.Rb1 Ra3 27.Ne5 Re8 28.Ng4 Nxg4 29.Bxg4 Qf4
30.Bxe6 fxe6 31.d3 Rf8 32.Qe2 Kh8 33.Bb2 Ra5 34.Bc1 Qf5 35.Qf3 Qxf3 36.gxf3 Rf6
37.f4 Kg8 38.Kg2 Kf7 39.Kf3 Rf5 40.Re5 Bc7 41.Rxf5+ exf5 42.Rb4 Bb6 43.Rb3 Ke6
44.Ba3 Kd5 45.Bf8 g6 46.Rb2 Ra8 47.Bg7 Ra3 48.Ke2 Ra1 49.h4 Bc5 50.Bf6 Bd6
51.Kf3 Ra3 52.Ke2 Bxf4 53.b6 Bd6 54.Rb5+ Kc6 55.Rb2 Bc5 56.Bd8 Ra1 57.Kf3 Kd7
58.Bc7 Rd1 59.Ke2 Rh1 60.Rc2 Be7 61.Be5 Bd8 62.Bxd4 Rxh4 63.Bc5 Ra4 64.d4 Ra6
65.Rb2 Kc6 66.Kd3 Bxb6 67.Be7 Ba7 68.f3 Ra4 69.d5+ Kxd5 70.Rxb7 Bg1 71.Bf8 Ra7
72.Rb5+ Ke6 73.Rb1 Rd7+ 74.Ke2 Ba7 75.Bh6 Kf6 76.Rc1 Re7+ 77.Kd3 Bb6 78.Rc8 Rd7+
79.Ke2 Bd8 80.f4 Kf7 81.Ra8 Re7+ 82.Kf3 Rd7 83.Ke2 Bf6 84.Rf8+ Ke6  0-1

[Event "ch-Balkan"]
[Site "Istanbul TUR"]
[Date "2001.11.21"]
[Round "4"]
[White "Soylu,S"]
[Black "Olcayoz,A"]
[Result "1/2-1/2"]
[WhiteElo "2385"]
[BlackElo "2334"]

1.e4 c5 2.Nf3 Nc6 3.Bb5 e6 4.O-O Nge7 5.Re1 a6 6.Bxc6 Nxc6 7.d4 cxd4 8.Nxd4 Qc7
9.Nc3 Bb4 10.Qg4 O-O 11.Nxc6 dxc6 12.e5  1/2-1/2